000 00394nam a2200145Ia 4500
008 150201s1980 xx 000 0 und d
082 _a617.69
_bA 1980S
100 _aSEIDE,LEONARD J.
245 2 _aA DYNAMIC APPROACH TO TRESTORATIVE DENTISTRY
250 _a1ST
260 _bW.B.SAUNDERS
_aCANADA
_c1980
300 _a1-815
650 _aCONSERVATIVE DENTISTRY & ENDODONTICS
942 _2ddc
_cBK
999 _c3098
_d3098